Τα Κυπριακά του Τίτου Πατρίκιου

Αποθηκεύτηκε σε:
Λεπτομέρειες βιβλιογραφικής εγγραφής
Κύριος συγγραφέας: Αντωνιάδου, Ελένη
Μορφή: Βιβλίο
Γλώσσα:Greek
Δημοσίευση: Αθήνα : Αίπεια, 2009
Θέματα:
Ετικέτες: Προσθήκη ετικέτας
Δεν υπάρχουν, Καταχωρήστε ετικέτα πρώτοι!

MARC

LEADER 00000cam a2200000 i 4500
001 1/16065
008 111031s2009 gre d
020 |a 978-960-6652-16-5 
035 |l 10111220 
040 |a GR-MY-UA  |b gre  |e aacr 
041 0 |a gre 
082 0 |a 889.1  |2 (22) 
100 1 |a Αντωνιάδου, Ελένη. 
245 1 3 |a Τα Κυπριακά του Τίτου Πατρίκιου /  |c Ελένη Αντωνιάδου 
260 |a Αθήνα :   |b Αίπεια,   |c 2009 
300 |a 137 σ.;  |b εικ.;  |c 24 εκ.+  |e 1 cd 
600 1 0 |a Πατρίκιος, Τίτος,   |d 1928- 
650 0 0 |a Greek literature, Modern. 
650 0 0 |a Greek poetry, Modern. 
852 |a INST  |b RHODES  |e 20111031  |h 889.1 ΑΝΤ  |p 005400033764  |q 005400033764  |t BK  |y 0 
852 |a INST  |b RHODES  |e 20111031  |h 889.1 ΑΝΤ   |p 005400033765  |q 005400033765  |t BK  |y 0 
901 |a BIBL4-2011-3 
970 |z 2011/10/31